00298nam a2200121 a 4500008004100000020001500041050002200056100001800078245001000096246002300106260003800129350000900167120416s1999 ||||||||||||||||| || u a0074636073 aQA 76.73.C153 Fri aFriedman, Art10aC/C++ aannotated archives aNew DelhibTata McGraw-Hillc1999 a0.00